Harry Potter and the Half-Blood Prince - All Chapters - Statistics

General Stats
  • This quiz has been taken 34 times
  • The average score is 22 of 30
Answer Stats
Chapter Title % Correct
26 The Cave
94%
27 The Lightning-Struck tower
94%
1 The Other Minister
94%
7 The Slug Club
94%
14 Felix Felicis
89%
4 Horace Slughorn
89%
2 Spinner's End
89%
9 The Half-Blood Prince
89%
30 The White Tomb
89%
28 Flight of the Prince
83%
24 Sectumsempra
83%
17 A Sluggish Memory
78%
23 Horcruxes
78%
29 The Phoenix Lament
78%
6 Draco's Detour
72%
10 The House of Gaunt
72%
3 Will and Won't
72%
12 Silver and Opals
67%
8 Snape Victorious
67%
15 The Unbreakable Vow
67%
22 After the Burial
61%
5 An Excess of Phlegm
61%
20 Lord Voldemort's Request
61%
16 A Very Frosty Christmas
56%
18 Birthday Surprises
56%
19 Elf Tails
56%
11 Hermione's Helping Hand
56%
13 The Secret Riddle
56%
25 The Seer Overheard
56%
21 The Unknowable Room
50%
No matching quizzes found
Score Distribution
Percent of People with Each Score
Percentile by Number Answered
Your Score History
You have not taken this quiz